Introduction to probability and statistical inference (Record no. 1715346)

MARC details
000 -LEADER
fixed length control field 00315 a2200121 4500
000 - LEADER
fixed length control field nam a22 7a 4500
005 - DATE AND TIME OF LATEST TRANSACTION
control field 20260313124338.0
100 ## - MAIN ENTRY--PERSONAL NAME
Personal name Roussas, George G
9 (RLIN) 1131998
245 ## - TITLE STATEMENT
Title Introduction to probability and statistical inference
250 ## - EDITION STATEMENT
Edition statement 3rd
260 ## - PUBLICATION, DISTRIBUTION, ETC.
Name of publisher, distributor, etc. Academic Press
Date of publication, distribution, etc. 2025
942 ## - ADDED ENTRY ELEMENTS (KOHA)
Koha item type Audio Visual Collection
Holdings
Withdrawn status Lost status Source of classification or shelving scheme Damaged status Not for loan Home library Current library Date acquired Source of acquisition Cost, normal purchase price Total Checkouts Date last seen Cost, replacement price Price effective from Koha item type
    Colon Classification (CC)     Central Science Library Central Science Library 2026-03-20 105 10635.60   2026-03-20 13294.50 2026-03-20 Textual
Copyright @ Delhi University Library System